Statistics for Serie A - Most Appearances

Click here to take the quiz!

General Stats

  • This quiz has been taken 27 times
  • The average score is 5 of 10

Answer Stats

AppearancesNationalityPlayer% Correct
657ItalyGianluigi Buffon
95%
647ItalyPaolo Maldini
95%
615ArgentinaJavier Zanetti
89%
619ItalyFrancesco Totti
84%
570ItalyDino Zoff
53%
566SloveniaSamir Handanovic
42%
592ItalyGianluca Pagliuca
26%
556ItalyFabio Quagliarella
11%
541ItalyRoberto Mancini
11%
562ItalyPietro Vierchowod
5%

Score Distribution

Percentile by Number Answered

Percent of People with Each Score

Your Score History

You have not taken this quiz